000 00537cam a2200217ua 4500
001 614
005 20260515113210.0
008 110409n ii |||gr||||Z||||||eng
020 _a81-87606-47-9
040 _cMAIN
082 _a323.4
245 _aHuman rights.
_cBy Adil Ul Yasin.
250 _a1st.
260 _aNew Delhi.:
_bAkansha publishing house.,
_c2004.
300 _ax, 213 p.:5 cm.
653 _aPolitical science.
653 _aHuman rights.
700 1 _aYasin, Adil-ul,
700 1 _aUpadhyay, Archana.,
942 _cBK
999 _c545
_d545